| Tag |
First Indicator |
Second Indicator |
Subfields |
| LEADER |
00000cam a2200000 a 4500 |
| 001 |
in00000410074 |
| 005 |
20151012051902.0 |
| 008 |
831129s1983 dk a i10010 eng |
| 010 |
|
|
|a 83233420
|
| 020 |
|
|
|a 9289011548 (pbk.) :
|c 11.00F
|
| 035 |
|
|
|a (OCoLC)10268304
|
| 035 |
|
|
|9 ABT7995AM
|
| 040 |
|
|
|a DLC
|c DLC
|d TXA
|d UtOrBLW
|
| 043 |
|
|
|a e------
|
| 049 |
|
|
|a TXAM
|c [A09294823]
|
| 050 |
0 |
0 |
|a RA564.8
|b .S58 1983
|
| 082 |
0 |
|
|a 362.1/0880565
|2 19
|
| 100 |
1 |
|
|a Skeet, Muriel.
|
| 245 |
1 |
0 |
|a Protecting the health of the elderly :
|b a review of WHO activities /
|c Muriel Skeet.
|
| 264 |
|
1 |
|a Copenhagen :
|b World Health Organization, Regional Office for Europe ;
|a Albany, N.Y. :
|b [Obtained from] WHO Publications Centre USA,
|c [1983]
|
| 264 |
|
4 |
|c ©1983
|
| 300 |
|
|
|a viii, 125 pages :
|b illustrations ;
|c 25 cm.
|
| 336 |
|
|
|a text
|b txt
|2 rdacontent
|
| 337 |
|
|
|a unmediated
|b n
|2 rdamedia
|
| 338 |
|
|
|a volume
|b nc
|2 rdacarrier
|
| 490 |
1 |
|
|a Public health in Europe ;
|v 18
|
| 504 |
|
|
|a Bibliography: pages 121-123.
|
| 650 |
|
0 |
|a Older people
|x Health and hygiene
|v Congresses.
|
| 650 |
|
0 |
|a Aging
|v Congresses.
|
| 650 |
|
0 |
|a Community health services for older people
|x Congresses.
|
| 650 |
|
0 |
|a Older people
|x Health and hygiene
|z Europe
|x Congresses.
|
| 650 |
|
0 |
|a Community health services for older people
|z Europe
|x Congresses.
|
| 650 |
|
0 |
|a Aging
|z Europe
|x Congresses.
|
| 710 |
2 |
|
|a World Health Organization.
|
| 830 |
|
0 |
|a Public health in Europe ;
|v 18.
|
| 999 |
|
|
|a MARS
|
| 999 |
f |
f |
|s b6217eb6-5f28-36df-81dc-c5e8f4a2f8a0
|i 8dbc9919-6d53-37fe-be83-b92f260a1bf7
|t 0
|
| 952 |
f |
f |
|p ric
|a Texas A&M University
|b Rellis Campus
|c Joint Library Facility
|d Remote Storage
|t 0
|e RA564.8 .S58 1983
|h Library of Congress classification
|i unmediated -- volume
|m A14809294823
|
| 998 |
f |
f |
|a RA564.8 .S58 1983
|t 0
|l Remote Storage
|